| 000 | 00706na a2200253 4500 | ||
|---|---|---|---|
| 001 | 17020 | ||
| 003 | MIRAKIL | ||
| 005 | 20181213154857.0 | ||
| 008 | 161021b tu 000 0 | ||
| 020 | _a9789944963541 | ||
| 040 |
_aMilas _btur _cTR-AnCHP |
||
| 041 | _atur | ||
| 082 |
_a616.8498 _bK26y 2013 |
||
| 090 | _a616.8498 K26y 2013 | ||
| 100 | _aKaradeniz, Derya | ||
| 245 |
_a100 soruda uyku ve bozuklukları _cDerya Karadeniz |
||
| 246 | _aUyku ve bozuklukları | ||
| 260 |
_aAnkara _bAnka yayınları _c2013 |
||
| 300 |
_a232 s. _bşkl. ; grf. _c21 sm. |
||
| 504 | _aKaynakça var. | ||
| 650 | _aUyku ve sağlık | ||
| 650 |
_aUyku bozuklukları _xUyku hastalıkları |
||
| 942 |
_2ddc _cBKS |
||
| 999 |
_c2431 _d2431 |
||